Statistics for US States by Greatest Elevation Difference

Click here to take the quiz!

General Stats

  • This quiz has been taken 30 times
  • The average score is 10 of 10

Answer Stats

HintAnswer% Correct
2California
100%
10Colorado
100%
8Utah
100%
1Alaska
96%
6Arizona
96%
9Oregon
96%
3Washington
96%
4Hawaii
93%
7Idaho
93%
5Nevada
85%

Score Distribution

Percentile by Number Answered

Percent of People with Each Score

Your Score History

You have not taken this quiz